Quando saímos à rua, que lugar queremos encontrar? (Record no. 45268)

MARC details
000 -Etiqueta do registo
Valores 00869nam a2200241 4500
010 ## - Número ISBN
ISBN 9789893629703
021 ## - Número do Depósito Legal
Número 551866/25
100 ## - Dados gerais de processamento
Dados gerais 20250909d2025 m y0pory50030103ba
101 0# - Língua de publicação
Língua por
102 ## - País de publicação
País PT
200 1# - Titulo e menção de responsabilidade
Título próprio Quando saímos à rua, que lugar queremos encontrar?
Informação de outro título Arte em espaço público e placemaking
Primeira menção de responsabilidade Bruno Costa... [et al.]
Outras menções de responsabilidade pref. Charles Landry
-- posf. Luís Sousa Ferreira
210 #9 - Publicação
Local de publicação [S.l.]
Nome do editor Bússola
-- Outdoor Arts Portugal,
Data de publicação 2025
215 ## - Descrição física 
Paginação / Volumes 163, [4] p.
Outras indicações físicas il.
Dimensões 21 cm
675 ## - CDU
Notação 7.011(042)
Edição BN
Língua por
675 ## - CDU
Notação 711.4(042)
Edição BN
Língua por
701 #1 - Autor co-responsavel
ID Autoridade 3
Apelido Costa,
Nome Bruno
Função 070
702 #1 - Autor secundário
Apelido Landry,
Nome Charles,
Datas 1948-
Função 080
702 #1 - Autor secundário
Apelido Ferreira,
Nome Luís Sousa,
Datas 1984-
Função 075
801 #0 - Fonte de origem
País PT
Agência BN
Regras de catalogação RPC
856 41 - Localização e acesso electrónico 
URL <a href="http://rnod.bnportugal.gov.pt/ImagesBN/winlibimg.aspx?skey=&doc=2225766&img=212916&save=true">http://rnod.bnportugal.gov.pt/ImagesBN/winlibimg.aspx?skey=&doc=2225766&img=212916&save=true</a>
990 ## - Elementos KOHA
Tipo de documento Livro
Holdings
Aquisição Empréstimo Código de barras Cota Permissão de empréstimo Tipo de documento
Biblioteca Municipal de Redondo Biblioteca Municipal de Redondo 055984 7.011 QUA   Livro

Powered by Koha